| 000 | 00418nam a22001457a 4500 | ||
|---|---|---|---|
| 020 | _a9780470028025 | ||
| 082 |
_a658.564 _bKER/SM |
||
| 100 |
_aKerry, Joseph _aButler, Paul _9561 |
||
| 245 | _aSmart Packaging Technologies: for Fast Moving Consumer Goods | ||
| 260 |
_aEngland _bJohn Wiley & Sons _c2008 |
||
| 300 | _a340 | ||
| 490 | _aPacking Technologies | ||
| 650 |
_aFood Research planning _9224 |
||
| 942 | _cBK | ||
| 999 |
_c14181 _d14181 |
||